| 000 | 01035cab a2200205 4500 | ||
|---|---|---|---|
| 001 | ##L136629 | ||
| 008 | 070212n2006 000 0 eng u | ||
| 035 | _a(Sirsi) u136631 | ||
| 041 | 0 | _aeng | |
| 110 | 2 |
_aPinsent Masons _95118 |
|
| 245 | 0 | 0 |
_aThreat of litigation gives construction firms major headache _h[electronic resource] |
| 260 | _c2006 | ||
| 490 | 0 |
_aPinsent Masons Press Release _v12 December 2006 |
|
| 520 | _aA survey of firms attending Pinsent Mason's annual construction conference reveals that 50% of UK construction firms have faced the threat of litigation in the last year, with 92% expecting levels to remain the same or increase during 2007. Employment issues and regulatory changes in the area of health and safety were cited as the greatest litigation concerns. | ||
| 590 | _aKA | ||
| 651 | 4 |
_aUnited Kingdom _y |
|
| 690 |
_aConstruction management _96230 |
||
| 856 | 4 | 0 |
_uhttps://www.pinsentmasons.com/press/press/press20061212_1.aspx _zView the item free of charge at www.pinsentmasons.com... |
| 942 | _n0 | ||
| 999 |
_c78378 _d78378 |
||